000 00532nam a2200181 i 4500
001 135004
003 ES-MaACL
005 20230906194804.0
007 t|
008 070705s1969 sp ||||1| spa d
080 _a84-311.2"19"
100 1 _aTillard, Paul.
_9110260
245 1 3 _aEl pan de los tiempos malditos /
_cPaul Tillard ; [versión castellana de Santi Soler].
260 _aBarcelona :
_bNova Terra,
_c1969.
300 _a195 p. ;
_c19 cm.
700 1 _aSoler, Santi.
_9107162
852 _aES-MaACL
_jC-40211
_bR.71227
999 _c135004
_d135004